000
00197 a2200097 4500
001
1204
100
_a
Crouse, W.H
245
_a
Automotive engines
260
_a
_b
Mcgrawhill
_c
090
_c
766
_d
766
942
_a
NUST-CAE
_c
M
_c
34333
999
_c
236277
_d
236277